LIBRARY & INFORMATION CENTRE, KCAET, TAVANUR

ONLINE PUBLIC ACCESS CATALOGUE (OPAC)

Remote Sensing and GIS Integrations:Theories, Methods, and Applications (Record no. 14176)

MARC details
000 -LEADER
fixed length control field 00362nam a22001337a 4500
020 ## - INTERNATIONAL STANDARD BOOK NUMBER
ISBN 9780071606530
082 ## - DEWEY DECIMAL CLASSIFICATION NUMBER
Classification number 621.367
Item number WEN/RE
100 ## - MAIN ENTRY--AUTHOR NAME
Personal name Weng, Qihao
245 ## - TITLE STATEMENT
Title Remote Sensing and GIS Integrations:Theories, Methods, and Applications
260 ## - PUBLICATION, DISTRIBUTION, ETC. (IMPRINT)
Place of publication New york
Name of publisher Mc Grow Hill
Year of publication 2010
300 ## - PHYSICAL DESCRIPTION
Number of Pages 397
650 ## - SUBJECT ADDED ENTRY--TOPICAL TERM
Topical Term Remote Sensing
942 ## - ADDED ENTRY ELEMENTS (KOHA)
Koha item type Books
Holdings
Withdrawn status Lost status Damaged status Collection code Home library Current library Shelving location Date acquired Source of acquisition Cost, normal purchase price Full call number Accession Number Koha item type
        KAUAET KAUAET General Stacks 22/06/2016 Cosmo Book House, Calicut 7087.50 621.367 WEN/RE 23737 Books
free website counter